000
00308nam a2200121Ia 4500
008
231129s9999||||xx |||||||||||||| ||spa||
020
_a
84-261-1577-2
040
_b
spa
082
_a
R(i) 036.1 N962m
245
0
_a
Nuestro Mundo
264
_a
Juventud
942
_2
ddc
_c
BKS
999
_c
21849
_d
21849